| 000 | 00786cam a2200265 a 4500 | ||
|---|---|---|---|
| 003 | OSt | ||
| 005 | 20171020205820.0 | ||
| 008 | 010620s2003 enk 001 0 eng | ||
| 010 | _a 2004396328 | ||
| 015 | _aGBA1-X1495 | ||
| 020 | _a0421722509 | ||
| 035 | _a(OCoLC)ocm47192307 | ||
| 040 |
_aUKM _dUKM _dOCLCQ _dYLS _cDLC |
||
| 082 | 0 | 4 |
_a341.48 _222 _bTHA |
| 100 | 1 |
_aThan, de Claire. _9379 |
|
| 245 | 1 | 0 |
_aInternational Criminal Law and Human Rights / _cby Claire de Than and Edwin Shorts. |
| 250 | _a1st ed. | ||
| 260 |
_aLondon : _bSweet & Maxwell, _c2003. |
||
| 300 |
_axlv, 550 p. ; _c24 cm. |
||
| 500 | _aIncludes index. | ||
| 650 | 0 |
_aOffenses against humanity. _9380 |
|
| 650 | 0 |
_aHuman rights _xCriminal provisions. _9381 |
|
| 700 | 1 |
_aShorts, Edwin. _9382 |
|
| 942 |
_2ddc _cBK |
||
| 999 |
_c140 _d140 |
||